|
|
|
|
| LEADER |
01535nam a2200397 a 4500 |
| 001 |
EBC1394573 |
| 003 |
MiAaPQ |
| 005 |
20200520144314.0 |
| 006 |
m o d | |
| 007 |
cr cn||||||||| |
| 008 |
130405s2013 enkad sb 001 0 eng d |
| 010 |
|
|
|z 2013010586
|
| 020 |
|
|
|z 9781107039025 (hardback)
|
| 020 |
|
|
|a 9781107420861 (electronic bk.)
|
| 035 |
|
|
|a (MiAaPQ)EBC1394573
|
| 035 |
|
|
|a (Au-PeEL)EBL1394573
|
| 035 |
|
|
|a (CaPaEBR)ebr10753001
|
| 035 |
|
|
|a (CaONFJC)MIL515469
|
| 035 |
|
|
|a (OCoLC)858861810
|
| 040 |
|
|
|a MiAaPQ
|c MiAaPQ
|d MiAaPQ
|
| 043 |
|
|
|a d------
|
| 050 |
|
4 |
|a HC59.72.P63
|b B37 2013
|
| 082 |
0 |
4 |
|a 362.5/82091724
|2 23
|
| 100 |
1 |
|
|a Barrientos, Armando.
|
| 245 |
1 |
0 |
|a Social assistance in developing countries
|h [electronic resource] /
|c Armando Barrientos.
|
| 260 |
|
|
|a Cambridge :
|b Cambridge University Press,
|c 2013.
|
| 300 |
|
|
|a xiii, 256 p. :
|b ill.
|
| 504 |
|
|
|a Includes bibliographical references and index.
|
| 505 |
0 |
|
|a pt. I. Introduction -- pt. II. Foundations -- pt. III. Practice -- pt. IV. Conclusion.
|
| 533 |
|
|
|a Electronic reproduction. Ann Arbor, MI : ProQuest, 2015. Available via World Wide Web. Access may be limited to ProQuest affiliated libraries.
|
| 650 |
|
0 |
|a Transfer payments
|z Developing countries.
|
| 650 |
|
0 |
|a Public welfare
|z Developing countries.
|
| 650 |
|
0 |
|a Poverty
|z Developing countries.
|
| 655 |
|
4 |
|a Electronic books.
|
| 710 |
2 |
|
|a ProQuest (Firm)
|
| 856 |
4 |
0 |
|u https://ebookcentral.proquest.com/lib/matrademy/detail.action?docID=1394573
|z Click to View
|